00000000nas##2200000za#4500
0019.503553
003CaOODSP
00520210312105525
007cr |||||||||||
008150406c1999||||xxc|| p o||||f|   |0fre|d
022 |a1494-5096
040 |aCaOODSP|bfre
043 |an-cn---
0861 |aHR2-3F-PDF
1102 |aCommission canadienne des droits de la personne.
24510|aRapport juridique |h[ressource électronique]
260 |aOttawa - Ontario : |bCommission canadienne des droits de la personne
310 |aAnnuel
3621 |a1999--[2001]
69107|aCharte des droits et libertés|2gcpds
69107|aQuestions juridiques|2gcpds
77508|tLegal report |w(CaOODSP)9.507163